00871nam a2200253 a 4500999001500000001000600015003000900021005001700030008004100047020001500088040003800103082001900141100002300160245006500183260004800248300004100296490003700337504004100374526000800415650003200423650003300455942001200488952011700500 c2410d241010804BD-DhUAP20210130093717.0200224s2008 it a b 000 0 eng d a0192803646 aBD-DhUAPbEngcBD-DhUAPdBD-DhUAP04a709.04 COT223 aCottington, David. aModern art :ba very short introduction /cDavid Cottington. aOxford : bOxford University Press,cc2005. a152 pages :billustrations ;c17 cm. aVery short introductions ;v120. aIncludes bibliographical references. aARC aArt, Modern -- 20th century aArt, Modern -- 19th century. 2ddccBK 00102ddc4070aUAPCLbUAPCLcGeneral Stacksd2020-02-24o709.04 COTp3010010804r2020-02-24t1w2020-02-24yBK